Statistics for Korean Vocabulary: Food

Click here to take the quiz!

General Stats

  • This quiz has been taken 57 times
  • The average score is 9 of 84

Answer Stats

English Korean % Correct
ramenramyeon
49%
foodeumsik
49%
dumplingmandu
47%
rice caketteok
37%
pizzapija
37%
watermul
33%
bananabanana
33%
ribsgalbi
30%
applesagwa
30%
teacha
28%
ricessal
26%
breadppang
26%
tomatotomato
21%
coffeekeopi
21%
milkuyu
21%
cakekeikeu
19%
meat, fishgogi
19%
grapepodo
16%
cheesechijeu
16%
juicejuseu
14%
beermaekju
14%
orangeorenji
14%
breakfastachim
14%
cucumberoi
14%
tofudubu
14%
watermelonsubak
12%
sugarseoltang
12%
noodlesguksu
12%
beefsoegogi
12%
onionyangpa
9%
pearbae
9%
hamhaem
9%
ice creamaiseukeurim
9%
strawberryttalgi
9%
candysatang
9%
cornoksusu
9%
honeykkul
7%
butterbeoteo
7%
sausagesosiji
7%
hamburgerhaembeogeo
7%
soupsupeu
7%
porkdwaejigogi
7%
spaghettiseupageti
7%
lemonremon
7%
winewain
7%
crabge
7%
chickendakgogi
7%
pumpkin, squashhobak
7%
pepperhuchu
5%
cola, cokekolla
5%
garlicmaneul
5%
saucesoseu
5%
oilgireum
5%
soy sauceganjang
5%
saltsogeum
5%
shrimpsaeu
5%
fruitgwail
5%
sandwichsaendeuwichi
2%
vegetablechaeso
2%
steakseuteikeu
2%
mustardgyeoja
2%
sushichobap
2%
seaweedmiyeok
2%
lunchjeomsim
2%
dinnerjeonyeok
2%
ketchupkecheop
2%
chocolatechokollit
2%
squidojingeo
2%
mayonnaisemayonejeu
2%
fishsaengseon
2%
potatogamja
2%
carrotdanggeun
2%
mushroombeoseot
2%
cookiegwaja
2%
oystergul
0%
yogurtyogureuteu
0%
vinegarsikcho
0%
cabbageyangbaechu
0%
spinachsigeumchi
0%
lettucesangchu
0%
drink, beverageeumnyo
0%
peanutttangkong
0%
bell pepperpimang
0%
peachboksunga
0%

Score Distribution

Percentile by Number Answered

Percent of People with Each Score

Your Score History

You have not taken this quiz